Statistics for World Capitals Closest to Nuku Hiva

Click here to take the quiz!

General Stats

  • This quiz has been taken 84 times
  • The average score is 16 of 22

Answer Stats

kmCapitalmiles% Correct
4577Suva2844
91%
5693Wellington3538
90%
3480Apia2162
87%
6561Honiara4077
80%
3987Nuku'alofa2477
79%
5641Port Vila3505
77%
5301South Tarawa3294
74%
5926Yaren3682
73%
4463Funafuti2773
70%
7008Panama City4355
70%
6882Quito4277
70%
6054Guatemala City3762
69%
6890Lima4281
69%
5650Majuro3511
69%
6393Managua3972
69%
5473Mexico City3401
69%
7060Palikir4387
69%
6364Tegucigalpa3955
69%
6538San José4062
66%
6144San Salvador3818
66%
6340Belmopan3939
63%
7210Havana4480
39%

Score Distribution

Percentile by Number Answered

Percent of People with Each Score

Your Score History

You have not taken this quiz